| 000 | 00830nas a2200289 4500 | ||
|---|---|---|---|
| 001 | BR2011003840 | ||
| 003 | BR-BrBNA | ||
| 005 | 20231205115032.0 | ||
| 007 | ta | ||
| 008 | 230509b bl.|||p| |||| 00| 00por d | ||
| 040 |
_aBR-BrBNA _bpor _cBiblioteca Nacional de Agricultura |
||
| 041 | _a(Pt) | ||
| 072 | _aP34 | ||
| 100 | 1 | _aBrandelero, E.M. | |
| 100 | 1 | _aPeixoto, C.P. | |
| 100 | 1 | _aRalish, R. | |
| 245 | 1 | _aNodulação de cultivares de soja e seus efeitos no rendimento de grãos | |
| 650 | _aSOJA | ||
| 650 | _aGRÃO | ||
| 650 | _aNODULAÇÃO | ||
| 650 | _aRHIZOBIUM | ||
| 650 | _aSIMBIOSE | ||
| 650 | _aÁREA FOLIAR | ||
| 773 | 0 |
_tSemina. Ciências Agrárias (Brazil) _xISSN 1676-546X _g(Jul-Sep 2009), v. 30(3) p. 581-588 _wBR2011003840 |
|
| 909 |
_a202311 _bLúcia _c55 _dLúcia Elande |
||
| 942 |
_2AGRIS _n0 _cANA |
||
| 999 |
_c211770 _d211770 |
||